Handbook of validation in pharmaceutical processes / (Record no. 20737)

MARC details
000 -LEADER
fixed length control field 00741nam a22002417a 4500
003 - CONTROL NUMBER IDENTIFIER
control field OSt
005 - DATE AND TIME OF LATEST TRANSACTION
control field 20250616124949.0
008 - FIXED-LENGTH DATA ELEMENTS--GENERAL INFORMATION
fixed length control field 250616b |||||||| |||| 00| 0 eng d
020 ## - INTERNATIONAL STANDARD BOOK NUMBER
International Standard Book Number 9780367756062
040 ## - CATALOGING SOURCE
Original cataloging agency KABU
Transcribing agency KABU
050 ## - LIBRARY OF CONGRESS CALL NUMBER
Classification number RS192
Item number .H36 2022
245 ## - TITLE STATEMENT
Title Handbook of validation in pharmaceutical processes /
Statement of responsibility, etc. edited by James, A. Phil D., Anthony G. and Anthony P.
250 ## - EDITION STATEMENT
Edition statement 4th ed.
260 ## - PUBLICATION, DISTRIBUTION, ETC. (IMPRINT)
Place of publication, distribution, etc. Boca Raton:
Name of publisher, distributor, etc. CRC Press,
Date of publication, distribution, etc. 2022
300 ## - PHYSICAL DESCRIPTION
Extent xviii, 1043p.
500 ## - GENERAL NOTE
General note Includes index
650 ## - SUBJECT ADDED ENTRY--TOPICAL TERM
Topical term or geographic name as entry element Pharmaceutical technology
General subdivision Quality control
700 ## - ADDED ENTRY--PERSONAL NAME
Personal name Agalloco, James
Relator term Editor
700 ## - ADDED ENTRY--PERSONAL NAME
Personal name DeSantis, Phil
Relator term Editor
700 ## - ADDED ENTRY--PERSONAL NAME
Personal name Grilli, Anthony
Relator term Editor
700 ## - ADDED ENTRY--PERSONAL NAME
Personal name Pavell, Anthony
Relator term Editor
942 ## - ADDED ENTRY ELEMENTS (KOHA)
Source of classification or shelving scheme Library of Congress Classification
Koha item type General Collection
Holdings
Withdrawn status Lost status Source of classification or shelving scheme Not for loan Home library Current library Shelving location Date acquired Cost, normal purchase price Inventory number Total Checkouts Full call number Barcode Date last seen Copy number Price effective from Koha item type
    Library of Congress Classification   Kabarak, Main Campus Kabarak, Main Campus General Stacks 16/06/2025 10300.00 2025/2140   RS192 .H36 2022 C.1 33325 16/06/2025 C.1 16/06/2025 General Collection
    Library of Congress Classification   Kabarak, Main Campus Kabarak, Main Campus General Stacks 16/06/2025 10300.00 2025/2141   RS192 .H36 2022 C.2 33329 16/06/2025 C.2 16/06/2025 General Collection
    Library of Congress Classification   Kabarak, Main Campus Kabarak, Main Campus General Stacks 16/06/2025 10300.00 2025/2139   RS192 .H36 2022 C.3 33326 16/06/2025 C.3 16/06/2025 General Collection
    Library of Congress Classification   Kabarak, Main Campus Kabarak, Main Campus General Stacks 16/06/2025 10300.00 2025/2138   RS192 .H36 2022 C.4 33330 16/06/2025 C.4 16/06/2025 General Collection
Designed with assistance from East African Informatics Ltd